Prowincje Filipin - Statystyki

Ogólne statystyki
  • Ten quiz został rozwiązany 111 razy
  • Średni wynik to 15 z 83
Odpowiedzi na mapie
Odpowiedzi zakodowano w zielono-czerwonej skali na mapie do tego quizu, zgodnie z poniższymi procentami.
 
Statystyki odpowiedzi
Prowincja % Poprawnych
Manila
83%
Cebu
55%
Palawan
38%
Bohol
31%
Aurora
28%
Ilocos Norte
28%
Ilocos Sur
28%
Leyte
28%
Quezon
28%
Bataan
24%
Batanes
24%
Biliran
24%
Cagayan
24%
Davao del Norte
24%
Davao del Sur
24%
Eastern Samar
24%
Isabela
24%
La Union
24%
Zamboanga City
24%
Zamboanga del Norte
24%
Zamboanga del Sur
24%
Batangas
21%
Davao Oriental
21%
Laguna
21%
Northern Samar
21%
Quirino
21%
Samar
21%
Southern Leyte
21%
Zamboanga Sibugay
21%
Abra
17%
Aklan
17%
Albay
17%
Antique
17%
Bulacan
17%
Cavite
17%
Compostela Valley
17%
Kalinga
17%
Mountain Province
17%
Negros Oriental
17%
Pangasinan
17%
Tawi-Tawi
17%
Zambales
17%
Apayao
14%
Basilan
14%
Benguet
14%
Bukidnon
14%
Camarines Norte
14%
Camarines Sur
14%
Camiguin
14%
Capiz
14%
Cotabato
14%
Davao Occidental
14%
Masbate
14%
Nueva Ecija
14%
Nueva Vizcaya
14%
Occidental Mindoro
14%
Oriental Mindoro
14%
Pampanga
14%
Siquijor
14%
Sulu
14%
Tarlac
14%
Agusan del Norte
10%
Agusan del Sur
10%
Catanduanes
10%
Dinagat Islands
10%
Guimaras
10%
Ifugao
10%
Iloilo
10%
Lanao del Norte
10%
Lanao del Sur
10%
Maguindanao
10%
Negros Occidental
10%
Rizal
10%
Romblon
10%
Marinduque
7%
Misamis Occidental
7%
Misamis Oriental
7%
Sarangani
7%
Sorsogon
7%
South Cotabato
7%
Sultan Kudarat
7%
Surigao del Norte
7%
Surigao del Sur
7%
Nie znaleziono quizów pasujących do podanych kryteriów
Rozkład punktacji
Procent ludzi z każdym wynikiem
Percentyl według liczby udzielonych odpowiedzi
Twoja historia wyników
Nie rozwiązałeś tego quizu